000
00221 a2200097 4500
001
1761
100
_a
Parkinson, A.C.
245
_a
Project Management with C.P.M.and cases
260
_a
_b
Reinhold
_c
090
_c
1297
_d
1297
942
_a
NUST-CAE
_c
M
_c
3302
999
_c
236834
_d
236834